Mario Kart Game to Console - Statistics

General Stats
  • This quiz has been taken 146 times
  • The average score is 9 of 10
Answer Stats
Hint Answer % Correct
Mario Kart 64 Nintendo 64
96%
Mario Kart DS DS
93%
Mario Kart Wii Wii
92%
Mario Kart 8 Deluxe Switch
89%
Mario Kart World Tour Mobile
86%
Super Mario Kart SNES
86%
Mario Kart: Double Dash!! GameCube
82%
Mario Kart 7 3DS
79%
Mario Kart: Super Circuit Game Boy Advance
78%
Mario Kart 8 Wii U
75%
No matching quizzes found
Score Distribution
Percent of People with Each Score
Percentile by Number Answered
Your Score History
You have not taken this quiz